000 00331nam a2200121Ia 4500
008 220216s9999 xx 000 0 und d
100 _aLiyanage K K
245 0 _aHevea germplasm and its potential
260 _bBulletin of the Rubber Research Institute of Sri Lanka
_c2007
300 _a16-26
650 _aGermplasm
942 _cJS
999 _c60326
_d60326